00828nam a2200217 a 450000100100000000500170001000800410002702000150006804000250008308200150010810000450012324000280016824500810019626000780027730000200035549000290037570000400040483000360044495201130048099900170059300004395020201002045048.0140509s1991 sp 000 0 spa d a847969100X aDO-SdBNPbspacBNPHU axxxxbxxxx1 aKleist, Heinrich von,d1777-1811.97189110aDer FindlinglEspañol13aEl desafío /cHeinrich von Kleist ; traducción, Carmen Bravo-Villasante. a[Madrid] :bCompañía Europa de Comunicación e Información,c1991. a93 p. ;c19 cm.1 aBiblioteca de El solv7512aCarmen Bravo-Villasanteetr.971892 0aBiblioteca de El soln75971893 001050718MOaGRbGRcCTd2014-05-09iLF1l0oxxxx xxxxp43950-10r2020-06-25w2020-06-25y1ZNo se presta c43439d43439